अवशेष : (Record no. 114209)

MARC details
000 -LEADER
fixed length control field 01130nam a22002657a 4500
005 - DATE AND TIME OF LATEST TRANSACTION
control field 20170124103004.0
010 ## - LIBRARY OF CONGRESS CONTROL NUMBER
LC control number A-267523
020 ## - INTERNATIONAL STANDARD BOOK NUMBER
Terms of availability 40.00
035 ## - SYSTEM CONTROL NUMBER
System control number A-267523
037 ## - SOURCE OF ACQUISITION
Source of stock number/acquisition Cen Lib/Ret
040 ## - CATALOGING SOURCE
Original cataloging agency DPL
Language of cataloging HN
082 ## - DEWEY DECIMAL CLASSIFICATION NUMBER
Classification number
Item number आशापू
100 ## - MAIN ENTRY--PERSONAL NAME
Personal name आशापूर्णा देवी
9 (RLIN) 55814
245 ## - TITLE STATEMENT
Title अवशेष :
Statement of responsibility, etc आशापूर्णा देवी; अनुवाद अलका मुखोपाध्याय
Remainder of title उपन्यास /
246 ## - VARYING FORM OF TITLE
Title proper/short title Avsheh : upnyas /
Remainder of title by Ashapoorna Devi; anuvadk Alka mukhopadhyaya
260 ## - PUBLICATION, DISTRIBUTION, ETC. (IMPRINT)
Place of publication, distribution, etc इलाहाबाद
Name of publisher, distributor, etc रवींद्र प्रकाशन
Date of publication, distribution, etc 1989
270 ## - ADDRESS
City इलाहाबाद
Address ११३९ कटरा
300 ## - PHYSICAL DESCRIPTION
Extent 158पृ.
Dimensions 18सेमी(सजिल्द )
650 ## - SUBJECT ADDED ENTRY--TOPICAL TERM
Topical term or geographic name as entry element हिंदी साहित्य
General subdivision
Geographic subdivision
9 (RLIN) 55815
650 ## - SUBJECT ADDED ENTRY--TOPICAL TERM
Topical term or geographic name as entry element हिंदी उपन्यास
9 (RLIN) 55816
650 ## - SUBJECT ADDED ENTRY--TOPICAL TERM
Topical term or geographic name as entry element Hindi literature
Form subdivision
9 (RLIN) 55817
650 ## - SUBJECT ADDED ENTRY--TOPICAL TERM
Topical term or geographic name as entry element Hindi fiction
9 (RLIN) 27248
700 ## - ADDED ENTRY--PERSONAL NAME
Personal name मिखोपध्याया, अलका
9 (RLIN) 3849
942 ## - ADDED ENTRY ELEMENTS (KOHA)
Source of classification or shelving scheme Dewey Decimal Classification
Koha item type Hindi Books
Classification part
Call number suffix आशापू
Holdings
Withdrawn status Lost status Damaged status Not for loan Home library Current library Date acquired Source of acquisition Cost, normal purchase price Total Checkouts Full call number Barcode Date last seen Copy number Cost, replacement price Price effective from Koha item type Source of classification or shelving scheme Public note
        Central Library Central Library 14/08/2015 Cen Lib/Ret 40.00   उ आशापू A-267523 14/08/2015 1 40.00 14/08/2015 Hindi Books    
Written off       Central Library Central Library 24/10/2016 Cen Lib/Ret 40.00   उ आशापू A-267521 24/10/2016 2 40.00 24/10/2016 Hindi Books Dewey Decimal Classification Written off on approval by DLB (By Circulation); dtd 20.12.2022

© Delhi Public Library
Hit Counter
free hit counter